000 00332nam a2200133Ia 4500
008 191201s2012 xx 000 0 und d
082 _a004.22
_bSTC
100 _aSTALLINGS, William
245 0 _aComputer Organization and Architecture
250 _a8th
260 _c2012
_bpearson
_aNEW DELHI
300 _a792
942 _2ddc
_cBK
_02
999 _c7846
_d7846